Associacions : cultura i societat civil a Catalunya cultura i societat civil a Catalunya
Descripción Física:
257 p. : il., negre i col. ; 24 cm
MARC
| LEADER | 00000nam a2200000Ia 4500 | ||
|---|---|---|---|
| 001 | 11760 | ||
| 008 | 160829s1991 xx 000 0 cat d | ||
| 080 | |a O-1-16 | ||
| 245 | |a Associacions : |b cultura i societat civil a Catalunya | ||
| 260 | |a Barcelona : |b Generalitat de Catalunya. Departament de Cultura, |c 1991 | ||
| 300 | |a 257 p. : |b il., negre i col. ; |c 24 cm | ||
| 590 | |a Llibre editat amb motiu de l'exposició que portava el mateix nom | ||
| 650 | |a Associacions, institucions, etc. |x Catalunya |x S. XIX/XX |9 31578 | ||
| 650 | |a Catalunya |x Vida Intel·lectual |x S. XIX/XX |9 31579 | ||
| 901 | |a Arxiu | ||
| 942 | |n 1 | ||
| 952 | |0 0 |1 0 |4 0 |6 O116 |7 1 |9 45678 |a Arxiu |b Arxiu |d 2016-12-01 |l 0 |o O-1-16 |p 11760 |r 2016-12-01 00:00:00 |w 2016-12-01 |y ARXIU | ||
| 999 | |c 49178 |d 49178 | ||